01994nam a2200289 a 4500001000800000005001700008008004100025010001700066020001500083035002300098035002700121040001300148043003000161082002200191100003100213245007200244250001100316260015500327300003900482504006400521505092700585600003301512651005101545651003601596651004101632700003101673107665120220326193311.0920905s1991 cr ab b f000 0dspa  a 92211466  a9977953139 a(OCoLC)ocm26079928 a(CStRLIN)NYCG92-B26167 aDLCcDLC ancnq---anccr---anc-----00a972.860.454bO13c1 aObregón Loría, Rafael.10aCosta Rica y la guerra contra los filibusteros /cRafael Obregón. a1. ed. aAlajuela, Costa Rica :bMuseo Histórico Cultural Juan Santamaría ;a[San José, Costa Rica] :bMinisterio de Cultura, Juventud y Deportes,c1991. a409 p. :bill., col. map ;c26 cm. aIncludes bibliographical references (p. 353-360) and index. ttestimonio de gratitud tPresentacion tSiglas Utilizadas tCapitulo 1: Filibusteros y William Walker tCapitulo 2:La zona de transito tCapitulo 3: Sucesos en Nicaragua tCapitulo 4: Walker en Nicaragua tCapitulo 5: Costa Rica inicia la guerratCapitulo 6: Combates de Santa Rosa y Sardinal tCapitulo 7: El combate de Rivas tCapitulo 8: La peste del colera tCapitulo 9 : Los ejercitos centroamericanos en nicaragua tCapitulo 10: Costa Rica reanuda la guerra tCapitulo 11: Fuerzas costarricenses en Nicaragua y el Combate naval tCapitulo 12: Toma de vapores y de Fortalezas del rio tCapitulo 13: La defensa del rio tCapitulo 14: Defensa del castillo tCapitulo 15: El sitio de Rivas y Capitulacion de Walker tCapitulo 16: Ultimas aventuras y fusilamiento de Walker tReferencias sobre algunos personajes tReferencias sobre las embarcaciones tFuentes consultadas tIndice onomastico tindicie de ilustraciones 10aWalker, William,d1824-1860. 0aNicaraguaxHistoryyFilibuster War, 1855-1860. 0aCosta RicaxHistoryy1821-1948. 0aCentral AmericaxHistoryy1821-1951. aObregón Loría, Rafael.